000 03271nam a22011537a 4500
003 PE-LiUPU
005 20250813185659.0
008 230928b |||||||| |||| 00| 0 spa d
020 _a9786124881510
040 _aPE-LiUPU
_brda
_cPE-LiUPU
_erda
082 _223
_a364
_bH874c
100 _aHuanca Torres, Salustio Rolando.
_92801
_d1965-
_eautor.
245 _aCriminología y los delitos informáticos /
_cSalustio Rolando Huanca Torres.
250 _aPrimera edición.
264 _aLima :
_bCemar,
_c2022.
300 _a296 páginas.
_c24 centímetros.
500 _aGlosario : páginas 291-294.
504 _apáginas 295-296.
505 _aCriminología -- ciencias penales -- Política general -- Evolución histórica de la criminología -- Enfoque biológico y psicológico de la criminología -- teorías de la personalidad -- La psicopatología criminal -- Problemas de la investigación criminológica -- Primero enfoques sociológico de la criminalidad -- El conflicto de culturas -- Factores de la criminalidad -- Las emociones y el delito -- Características de la víctima -- Categoría víctimales o víctimas -- Sexo y víctima -- Funciones de la criminología -- El origen de la criminología científica -- Criminalidad informática -- tipos penales por la criminalidad informática.
526 _aP202
526 _aP201
526 _aP163
526 _aP162
526 _aP161
526 _aP160
526 _aP148
526 _aP147
526 _aP146
526 _aP145
526 _aP144
526 _aP143
526 _aP142
526 _aP141
526 _aP140
526 _aP139
526 _aP138
526 _aP137
526 _aP136
526 _aP135
526 _aP134
526 _aP133
526 _aP129
526 _aP128
526 _aP127
526 _aP120
526 _aP119
526 _aP118
526 _aP116
526 _aP115
526 _aP114
526 _aP110
526 _aP109
526 _aP108
526 _aP104
526 _aP103
526 _aP102
526 _aP99
526 _aP98
526 _aP97
526 _aP96
526 _aP95
526 _aP93
526 _aP90
526 _aP89
526 _aP88
526 _aP83
526 _aP82
526 _aP62
526 _aP59
526 _aP58
526 _aP57
526 _aP51
526 _aP49
526 _aP48
526 _aP47
526 _aP29
526 _aP24
526 _aP20
526 _aP19
526 _aP17
526 _aP15
526 _aP14
526 _aP12
526 _aP10
526 _aP09
526 _aP08
526 _aP07
526 _aP06
526 _aP05
526 _aP04
526 _aP01
556 _aE001-106 10444184961
_z9786124881510
650 0 _aCriminología
_x-Ensayos, conferencias, etc.
_92805
650 0 _aCriminología
_x-Aspectos psicológicos
_92806
650 0 _aDelitos informáticos
_92807
942 _2ddc
_cBK
_n0
999 _c62028
_d62028
980 _621515
_aDIGNA BRAÑES Analista Documental
_81
_gALBERTO SANCHEZ Responsable de Automatización